Fire Force Personnages - Statistiques

Statistiques générales
  • Ce quiz a été pris 142 fois
    19 depuis la dernière actualisation
  • Le résultat moyen est 29 sur 120
Statistiques - réponses
Indice Réponse % Correct
8ème Brigade Shinra Kusakabe
100%
8ème Brigade Arthur Boyle
94%
8ème Brigade Maki Oze
94%
Les Hommes en Blanc Shô Kusakabe
94%
Les Hommes en Blanc Hauméa
88%
8ème Brigade Akitaru Ôbi
81%
8ème Brigade Iris
81%
Anti-Héros Joker
81%
7ème Brigade Shinmon Benimaru
81%
8ème Brigade Vulcan Joseph
81%
Les Hommes en Blanc Le Grand Prédicateur
75%
8ème Brigade Tamaki Kotatsu
75%
8ème Brigade Victor Licht
75%
5ème Brigade Hibana
69%
Les Hommes en Blanc Inca Kasugatani
63%
1ère Brigade Karim Fulham
63%
1ère Brigade Leonardo Barns
63%
8ème Brigade Risa Isaribi / Feeler
63%
7ème Brigade Sagamiya Konro
63%
1er Pilier Amaterasu
56%
Les Hommes en Blanc Arrow
56%
Les Hommes en Blanc Charon
56%
3ème Brigade Dr. Giovanni
56%
8ème Brigade Takehisa Hinawa
56%
Les Hommes en Blanc Assault
50%
Les Hommes en Blanc Dragon
50%
2ème Brigade Juggernaut / Takeru Noto
50%
4ème Brigade Ogun Montgomery
50%
Haijima Nataku Son
44%
1ère Brigade Rekka Hoshimiya
44%
4ème Brigade Sôichirô Hague
44%
1ère Brigade Foien Lee
38%
Haijima Kurono Yûichirô
38%
4ème Brigade Paat Koh Parn
38%
Les Hommes en Blanc Ritsu
38%
Disciple de Vulcan
38%
Les Hommes en Blanc Gold
31%
7ème Brigade Hinata
31%
Les Hommes en Blanc Mirage
31%
5ème Brigade Angels Three
25%
Divinitée Dieu
25%
Les Hommes en Blanc Faerie
25%
2ème Brigade Gustav Honda
25%
7ème Brigade Hikage
25%
4ème Brigade Karin Sasaki
25%
Oasis Scop
25%
Église du Saint Soleil Sumire
25%
Les Hommes en Blanc Yona
25%
2ème Brigade Amon Hajiki
19%
6ème Brigade Kayoko Huang
19%
Les Hommes en Blanc Orochi
19%
Église du Saint Soleil Raffless III
19%
Église du Saint Soleil Sakura
19%
5ème Brigade Tôru Kishiri
19%
Les Hommes en Blanc Flail
13%
Famille Kusakabe Mari Kusakabe
13%
1ère Brigade Onyango
13%
Église du Saint Soleil Raffless Smith I
13%
Les Hommes en Blanc Stream
13%
Famille Oze Takigi Oze
13%
2ème Brigade Anton
6%
6ème Brigade Asako Hague
6%
5ème Brigade Conehead
6%
Famille Oze Danro Oze
6%
2ème Brigade Engo
6%
Flamme de Maki Flare
6%
Les Hommes en Blanc Haran
6%
Les Hommes en Blanc Iron
6%
2ème Brigade Jonas
6%
1ère Brigade Konyango
6%
Famille Oze Madoka Oze
6%
119 Mamoru
6%
Famille Boyle M. Boyle
6%
Famille Joseph M. Joseph
6%
Famille Boyle Mme Boyle
6%
Famille Noto Mme Noto
6%
Famille Son Mme Son
6%
Femme d'un Pompier Natasha
6%
Haijima Ôguru / Ôguro
6%
2ème Brigade Ôhana
6%
Citoyenne de Tokyo Rin
6%
Les Hommes en Blanc Sasori
6%
Torche Humaine Setsuo Miyamoto
6%
7ème Brigade Shinmon Hibachi
6%
Flamme de Maki Sputter
6%
Armée Ayabe
0%
Église du Saint Soleil Capitaine des Ombres du Saint-Soleil
0%
Église du Saint Soleil Clematis / Clématite
0%
Les Hommes en Blanc Escouade du Cataclysme
0%
Citoyen de Tokyo
0%
Les Hommes en Blanc Furakuchu
0%
Haijima Gleo Haijima
0%
2ème Brigade Hebio
0%
2ème Brigade Heckler
0%
Armée Hiraoka
0%
Citoyen d'Asakusa Kantarô
0%
Oasis La Femme en Noire
0%
Haijima Marionnettiste des Dominions de Haijima
0%
Torche Humaine Masao
0%
Citoyenne de Tokyo Mikako
0%
Citoyenne de Tokyo Nao
0%
Torche Humaine Nobuo
0%
Citoyen de Tokyo Panda
0%
Pompier Préfet
0%
119 Q
0%
119 Race
0%
4ème Brigade Reese / Wreath
0%
Torche Humaine Saeko
0%
Citoyenne de Tokyo Saki
0%
Citoyen de Tokyo Sancho
0%
Torche Humaine Setsuko
0%
7ème Brigade Shinpeita
0%
2ème Brigade Taguchi
0%
Citoyen d'Asakusa Tasuke
0%
Citoyen de Tokyo Tatsuto
0%
Torche Humaine Tempeh
0%
Armée Tôjô
0%
5ème Brigade Tokuyama
0%
Oasis Yata
0%
Haijima Yoshida
0%
Aucun quiz correspondant
Distribution des résultats
% des personnes avec chaque résultat
Percentile par nombre de réponses
Votre historique - résultats
Vous n’avez pas pris ce quiz depuis la dernière actualisation